| 000 | 02183nam a2200505 i 4500 | ||
|---|---|---|---|
| 001 | 30097 | ||
| 003 | KOSZ 005 | ||
| 005 | 20190806134015.0 | ||
| 008 | 970510s1992 pl a f |000 0 pol | ||
| 015 | _aPB 1993/822 | ||
| 035 | _a991000817469705066 | ||
| 035 | _a(PL-WaBN)b10256581-48omnis_nlop | ||
| 035 | _ab10256581 | ||
| 035 | _a(OCoLC)749319246 | ||
| 035 | _a(PL)b0000001025658 | ||
| 035 | _a(EXLNZ-48OMNIS_NETWORK)9910344171105606 | ||
| 040 |
_aWA N _cWA N _dKOSZ 005/HR |
||
| 041 | 0 |
_apol _beng |
|
| 046 | _k1992 | ||
| 080 | _a621.86/.87 | ||
| 100 | 1 |
_aAdamczyk, Erwin _d(1943-2005) _eAutor |
|
| 245 | 1 | 0 |
_aSynteza strukturalna i geometryczna wieloczłonowych ustrojów nośnych maszyn roboczych / _cErwin Adamczyk. |
| 246 | 3 | 1 | _aType and geometrical synthesis of multilink load-carrying structures of working machines |
| 260 |
_aWrocław : _bWydaw. PW, _c1992. |
||
| 300 |
_a82, [2] s. : _b2 fot., rys., wykr. ; _c24 cm. |
||
| 336 |
_2rdacontent _aTekst _btxt |
||
| 337 |
_2rdamedia _aBez urządzenia pośredniczącego _bn |
||
| 338 |
_2rdacarrier _aWolumin _bnc |
||
| 380 | _aKsiążki | ||
| 380 | _aPublikacje naukowe | ||
| 388 | _a1901-2000 | ||
| 388 | _a1989-2000 | ||
| 490 | 1 |
_aPrace Naukowe Instytutu Konstrukcji i Eksploatacji Maszyn Politechniki Wrocławskiej. Monografie = _aScientific Papers of the Institute of Machine Design and Operation of the Technical University of Wrocław. Monographs, _x0324-962X ; _v22 |
|
| 500 | _aNumeracja ser. gł. : 71. | ||
| 500 | _aTyt. równol. : Type and geometrical synthesis of multilink load- carrying structures of working machines. | ||
| 504 | _aBibliogr. s. 78-82. - Summ. | ||
| 650 | 7 |
_aŁadowarka _2DBN |
|
| 658 | _aInżynieria i technika | ||
| 650 | 7 | _aBudowa i konstrukcje | |
| 830 | 0 |
_aPrace Naukowe Instytutu Konstrukcji i Eksploatacji Maszyn Politechniki Wrocławskiej ; _v71 |
|
| 830 | 0 |
_aPrace Naukowe Instytutu Konstrukcji i Eksploatacji Maszyn Politechniki Wrocławskiej. _pMonografie ; _v22 |
|
| 856 |
_uhttp://koha.tu.koszalin.pl/cgi-bin/koha/opac-detail.pl?biblionumber=30097 _yKatalog online BPK |
||
| 942 |
_2UKD _cKS |
||
| 999 |
_c30097 _d30097 |
||